000 01485nam0a2200361 4500
001 RU\NLR\bibl\464668
005 20250623184809.0
010 _a5-7568-0401-3
_9250
021 _aRU
_b2003-57163
_92794
035 _a(NLR Aleph) 000458043
090 _a916057
_c916057
100 _a20031126d2003 |||y0rusy50 ca
101 0 _arus
102 _aRU
105 _ay |||||||||
200 1 _aОбмирщенный человек
_eОпыт эсхатологической антропологии
_fВ.Ю. Инговатов
_gМ-во образования Рос. Федерации, Алтайск. гос. техн. ун-т им. И.И. Ползунова
210 _aБарнаул
_cАлтГТУ
_d2003
215 _a147 с.
_d20
300 _aНа 4-й с. обл. авт.: Инговатов В.Ю., к.филос.н., доц.
320 _aБиблиогр.: с. 135-145 (234 назв.)
320 _aУказ. имен: с. 146-147
606 0 _aСмысл жизни
_xРелигиозная концепция
_92266006
_3RU\NLR\auth\661358395
606 0 _aЧеловек и религия
_xФилософские вопросы
_92313466
_3RU\NLR\auth\661384447
686 _aЭ37-422
686 _aЮ215
700 1 _aИнговатов
_bВ. Ю.
_gВладимир Юрьевич
_4070
801 0 _aRU
_bNLR
_c20031126
_gPSBO
801 1 _aRU
_bNLR
_c20031126
942 _cBOOK
980 _aNB
980 _aNBR